000 00946nam a2200313 i 4500
999 _c65233
_d65233
001 768714001
003 CO-MdFUSB
005 20190920125216.0
008 190918t2005 ag |||| |||| 00| 0 spa d
020 _a9507314563
040 _aCO-MdFUSB
_bspa
_cCO-MdFUSB
_dCO-MdFUSBC
_erda
041 _aspa
082 _223
_a863.7
_bB443
100 _aBelli, Gioconda.
_eautor
245 1 3 _aEl pergamino de la seducción :
_bJuana la Loca ¿qué oculta su historia?
_c/ Gioconda Belli.
250 _aTercera edición
264 1 _aBuenos Aires :
_bSeix Barral,
_c[2006]
264 4 _c© 2006
300 _a336 páginas
_c; 24 cm
336 _2rdacontent
_atexto
_btxt
337 _2rdamedia
_asin mediación
_bn
338 _2rdacarrier
_avolumen
_bnc
490 _aNovela Histórica
563 _aRústico
650 7 _2embne
_92265
_aLiteratura hispanoamericana
653 _aNovela histórica -- Nicaragua.
942 _cBK
945 _aJTF-925